000 01080nam a2200229Ia 4500
999 _c52673
_d52673
001 19697
003 GE_BSU
005 20200327213255.0
008 181216s1950||||ge |||||||||||||| ||geo||
040 _cGE_BSU
041 _ageo
080 _a27-248.2 ს-32
245 _aსაქმე მოციქულთა ძველი ხელნაწერების მიხედვით = Деяния Апостолов /
_cგამოსცა ილია აბულაძემ ; რედაქტორი : ა.შანიძე.
264 _aთბილისი :
_bსაქ. სსრ მეცნ. აკად. გამ-ბა,
_c1950.
300 _a224 გვ. ;
_c24 სმ.
490 _aძველი ქართული ენის ძეგლები
_v №7
653 _aმოციქულთა საქმენი
653 _aრელიგია
700 _aშანიძე, ა.
_eრედაქტორი
_97817
710 _aსაქ. სსრ მეცნ. აკადემია
_97818
942 _cBK
_2udc